01426cam a22003737a 4500003000500000005001700005008004100022010001000063011001000073035001100083040000900094090001000103100003400113245015500147260004300302300001100345502009800356590003700454590004100491590004100532590004100573590004100614590004100655590004200696650003800738650002800776650002700804901000700831905001000838942001000848949005000858999001700908952012700925CHAP20220817043958.0110105d2004 mx r 00110 spa d a89251 a90223 a100779 cCHAP aTesis00aSánchez González, Arturo.10aAnálisis sinecológico, florístico y biogeográfico de la vegetación del norte de la Sierra Nevada, Méxicoc/por Arturo Sánchez González aMontecillo, Méx. :bEl autor,c2004. a153 h. aTesis (Doctor en Ciencias) - - C. P. Instituto de Recursos Materiales. Programa en Botánica aALEPHb10c20130110lUCH01h1502 aBATCH-UPDb10c20130110lUCH01h0158 aBATCH-UPDb10c20130110lUCH01h1005 aBATCH-UPDb10c20130409lUCH01h2204 aBATCH-UPDb10c20130410lUCH01h1330 aBATCH-UPDb10c20130914lUCH01h0738 aCONVERSIONb10c20130109lUCH01h134914aBotánicaxMetodología.91458814aFitogeografía.94115714aSinecología.9106578 aBK aLilia cTESIS aTesisbBCcTESd100779eTS1h43104i100779sb c89251d89251 00102local4051708TESISaBCbBCcPA_TESISd2019-12-31fTESISl0oTesisp100779r2019-12-31 00:00:00w2019-12-31yTESIS